Dictionnaire n°2 - Statistiques

Statistiques générales
  • Ce quiz a été pris 255 fois
  • Le résultat moyen est 4 sur 10
Statistiques - réponses
Définitions Classe grammaticale Mots correspondants % Correct
Avoir une réaction, des réactions Verbe Réagir
93%
Faire partir (des personnes) en masse, hors d'un lieu dangereux Verbe Evacuer
81%
Appareil d'éclairage électrique monté sur un haut support Nom Lampadaire
68%
Débarrasser des mauvaises odeurs, au moyen d'un produit Verbe Désodoriser
64%
Malgré ce qui vient d'être dit (cependant, toutefois) Adverbe Néanmoins
32%
Qui constitue une norme Adjectif Normatif
22%
Tout à fait semblable, mais distinct Adjectif Identique
20%
Corps d'armée composé d'infanterie et de cavalerie Nom Légion
6%
Qui utilise les lettres Adjectif Littéral
6%
Etude descriptive des groupes humains Nom Ethnographie
5%
Aucun quiz correspondant
Distribution des résultats
% des personnes avec chaque résultat
Percentile par nombre de réponses
Votre historique - résultats
Vous n’avez pas pris ce quiz